00519nam a2200193 a 4500001001300000003000900013005001700022008004100039020002300080082001700103100002000120245005500140260004300195300000900238500003500247505001000282650001300292700002000305nice12345678IN_TiNIC20260116014008.0050524s2002 lona grp 000 0 eng  a0002990 c53500a364.151bPOW aPower, Samantha aProblem from Hell, America and the Age of Genocide aLondon bCollins Religious Pub. c2002 a620p aincludes index and biblioraphy2 aIndex aGenocide1 aPower, Samantha